000 01983cam a22004934i 4500
003 PE-LiUPU
005 20250731173521.0
008 150616s ilu rb 000 0 eng d
020 _a0802401430
035 _a(Sirsi) i9780802401434
040 _aPE-LiUPU
_bspa
_cPE-LiUPU
_erda
049 _aPRUA
082 0 4 _a235.4
_bB86
_221
100 1 _aBubeck, Mark I.,
_eautor.
245 1 4 _aThe Adversary :
_bthe Christian Versus Demon Activity /
_cMark I. Bubeck.
264 1 _aChicago :
_bMoody Press,
_c1975.
300 _a160 páginas ;
_c22 centímetros
336 _atext
_2rdacontent
337 _aunmediated
_2rdamedia
338 _avolume
_2rdacarrier
504 _aBibliografía: páginas 159-160.
505 0 _aForeword -- The Biblical Perspective of Warfare -- Warfare with the Flesh -- Warfare with the World -- The Sword of the Spirit Is Still the Word -- Facing San's Kingdom -- Understand and Dont't Be Afraid -- There's Still a Place for Objetive Doctrine -- Aggressive Prayer Wins Again -- Bold Confrontation May Be Needed -- Challenging San's Hindrance of Revival -- Tools for warfare -- Warfare Through Our Oneness Together.
526 _aSEG42
526 _aSEG41
526 _aSEG40
526 _aSEG39
526 _aP94
526 _aP87
526 _aP86
526 _aP85
526 _aP77
526 _aP76
526 _aP35
650 1 4 _aDiablo
_xCristianismo.
650 2 4 _aDemonología.
_94174
650 2 4 _aVida cristiana
_xAutores bautistas.
910 _ajck
_bjvq
_cjck
942 _2ddc
_cBOOK
949 _a235.4 B86
_wDEWEY
_c1
_i41883
_lCCODEBUL1
_mBUL
_r0
_sY
_tBOOK
_u2015-6-16
_xTEOLOGIA
_zUNKNOWN
_0COMPRA
_o.STAFF. Colección General
994 _aC0
_bPEPRU
596 _a1
999 _a235.4 B86
_wDEWEY
_c59645
_i41883
_f2021-11-10
_g5
_lCCODEBUL1
_mBUL
_p12.00
_r0
_sY
_tBOOK
_u2015-6-16
_xTEOLOGIA
_PP35
_0COMPRA
_o.STAFF. Colección Teologíal
_d59645
980 _81
_gALBERTO SANCHEZ Responsable de Automatización